=LDR 00000nam 2200000 4500 =001 INLIS000000000046790 =990 ##$$a 0001/BPAP-NTB/20142015 =005 20150511171120.0 =006 =007 =008 =020 ##$$a 979-017-157-9 =035 ##$$0010-051500000000049 =082 ##$$a 155.633-Mus-r =100 ##$$a Tadkiroatun Musfiroh =245 ##$$a Rahasia kedahsyatan otak wanita =250 ##$$a Cet.1 =260 ##$$a Jakarta $b Qultum Media $c 2011 =300 ##$$a x,202 Hlm $c 23 Cm =850 ##$$aNBPNMAT =990 ##$$a 0001/BPAP-NTB/20142015